Luther = Luther /

Na minha lista:
Detalhes bibliográficos
Autor principal: Till, Eric (realización)
Outros Autores: Thomasson, Camille (guión) (guión), Gavigan, Bart (guión) (guión), Fraisse, Robert (fotógrafo) (fotógrafo), Barrett, Clive (montaje) (montaje), Harvey, Richard (música) (música), Fiennes, Joseph (actuación) (actuación), Firth, Jonathan (actuación) (actuación), Molina, Alfred (actuación) (actuación)
Formato: Slides
Idioma:inglês
Publicado em: Berlín, Alemania : NFP Neue Filmproduktion, 2003, c2003
Assuntos:
Tags: Adicionar Tag
Sem tags, seja o primeiro a adicionar uma tag!

MARC

LEADER 00000ngm^a2200000^a^4500
001 000186061
005 20250521000000.0
009 20260310102212.594
020 |a 0-7928-6191-4 
037 |a Acervo ITESO - Biblioteca 
041 |a ING 
082 |a 830.  |b TIL 
100 |a Till, Eric  |e (realización) 
240 1 1 |a [Lutero] 
245 1 0 |a Luther =  |b Luther /  |c Realización de E. Till. 
246 2 |a Título en la cubierta: Luther 
246 2 |a Título en la pantalla: Lutero 
264 4 |a Berlín, Alemania :  |b NFP Neue Filmproduktion,  |c 2003, c2003 
264 2 |a Santa Mónica, EUA :  |b Metro-Goldwyn-Mayer [distribución],  |c 2004, c2004 
300 |a 1 DVD región 1 (123 min.) :  |b color 
336 |a imagen móvil bidimensional  |b tdi  |2 rdacontenido 
337 |a video  |b v  |2 rdamedio 
338 |a videodisco  |b vd  |2 rdasoporte 
546 |a En inglés y latín, con subtítulos opcionales: español, inglés 
649 |a XX 
650 |a Cineastas Ingleses 
650 |a Fundadores de Religiones -  |x Biografías 
650 |a Religiosos Alemanes -  |x Biografías 
650 |a Teólogos Alemanes -  |x Biografías 
650 |a Iglesia -  |x Historia -  |y Papa, 1513-1521 (León X) 
650 |a Iglesia -  |x Historia -  |y Papa, 1523-1534 (Clemente VII) 
650 |a Iglesia Católica -  |x Historia -  |y Siglo XVI 
650 |a Iglesia Católica -  |x Historia -  |y Epoca Moderna 
650 |a Dramas Cinematográficos 
650 |a Cine en Inglés -  |z Alemania 
650 |a Cine Alemán -  |y 2000-2009 
650 |a Cine Alemán -  |y Siglo XXI 
650 |a Reforma -  |x Historia -  |x Tema Principal 
650 |a Protestantismo -  |x Historia -  |y Siglo XVI 
650 |a Catolicismo -  |x Historia -  |y Siglo XVI 
650 |a Cristianismo y Política -  |z Europa -  |x Historia -  |y 1492-1648 
650 |a Cristianismo -  |x Historia -  |y Siglo XVI 
650 |a Política y Religión -  |z Europa -  |x Historia -  |y 1492-1648 
650 |a Religión -  |x Historia -  |y Siglo XVI 
650 |a Alemania -  |x Historia -  |y Carlos V, 1519-1556 
650 |a Alemania -  |x Historia -  |y Siglo XVI 
650 |a Alemania -  |x Historia -  |y Reforma y Contrarreforma, 1519-1648 
650 |a Alemania -  |x Historia -  |y Sacro Imperio Romano Germánico, 911-1806 
650 |a Alemania -  |x Historia -  |y Principados, Imperio y Reinos, 481-1871 
650 |a Europa -  |x Historia -  |y Siglo XVI 
650 |a Europa -  |x Historia -  |y 1517-1648 
650 |a Europa -  |x Historia -  |y 1492-1648 
650 |a Lutero, Martín -  |x Tema Principal 
700 |a Thomasson, Camille  |e (guión) 
700 |a Gavigan, Bart  |e (guión) 
700 |a Fraisse, Robert  |e (fotógrafo) 
700 |a Barrett, Clive  |e (montaje) 
700 |a Harvey, Richard  |e (música) 
700 |a Fiennes, Joseph  |e (actuación) 
700 |a Firth, Jonathan  |e (actuación) 
700 |a Molina, Alfred  |e (actuación) 
910 |a Fondo General 
920 |a Audiovisuales - DVDs 
940 |a Películas 
905 |a 302 
901 |a 0500123941  |b IT2  |c DVS  |u 20250521 
902 |a https://opac.biblio.iteso.mx/vufind/Record/000186061